Ciencia, Tecnología y Sociedad: Estudios Interdisciplinarios en la Universidad, en la Educación y en la Genstión Pública /

Sparad:
Bibliografiska uppgifter
Huvudupphov: Medina, Manuel (edición)
Övriga upphov: Sanmartín, José (edición) (edición)
Materialtyp: Bok
Språk:spanska
Utgiven: Barcelona, España : Anthropos : Universidad del País Vasco, 1990
Serie:(Nueva Ciencia ; 6)
Ämnen:
Taggar: Lägg till en tagg
Inga taggar, Lägg till första taggen!

MARC

LEADER 00000nam^a2200000^a^4500
001 000022795
005 20250521000000.0
009 20260310084509.637
020 |a 84-7658-223-4 
037 |a Acervo ITESO - Biblioteca 
041 |a ESP 
082 |a 306. 4  |b MED 
100 |a Medina, Manuel  |e (edición) 
245 1 0 |a Ciencia, Tecnología y Sociedad: Estudios Interdisciplinarios en la Universidad, en la Educación y en la Genstión Pública /  |c M. Medina, J. Sanmartin. 
264 1 |a Barcelona, España :  |b Anthropos :  |b Universidad del País Vasco,  |c 1990 
300 |a 222 p. 
336 |a texto  |b txt  |2 rdacontenido 
337 |a sin mediación  |b n  |2 rdamedio 
338 |a volumen  |b nc  |2 rdasoporte 
440 1 |a (Nueva Ciencia ;  |v 6) 
649 |a XX 
650 |a Sociología 
650 |a Tecnología y Sociedad 
700 |a Sanmartín, José  |e (edición) 
910 |a Fondo General 
920 |a Impresos - Libros 
930 |a Colección General 
905 |a 101 
901 |a 0227950100  |b IT1  |c ACC  |i 022795  |u 20250521 
902 |a https://opac.biblio.iteso.mx/vufind/Record/000022795